| 000 | 01648nam a22002537a 4500 | ||
|---|---|---|---|
| 005 | 20110511143050.0 | ||
| 010 | _aB-425589-593 | ||
| 020 |
_a0195670566 _c375.00 |
||
| 020 |
_a9780195670561 _c375.00 |
||
| 035 | _aB-425589-593 | ||
| 037 | _bRBC/VEN | ||
| 082 | _a322.1095409045 | ||
| 245 |
_aThe Muslims of India : _ba documentary record / _cedited by A.G. Noorani. |
||
| 260 |
_aNew Delhi _bOxford University Press _c2011 |
||
| 300 |
_axv, 368 p. ; _b22 cm.(pbk) |
||
| 500 | _aIncludes index. | ||
| 942 |
_2ddc _cEN _h322.1095409045 _mMUS |
||
| 999 |
_c52361 _d52361 |
||